Ensayos de filosofía prima / (Record no. 4087)

000 -CABECERA
fixed length control field 00919nam a22002297a 4500
003 - IDENTIFICADOR DEL NÚMERO DE CONTROL
control field AR-CdUCM
008 - DATOS DE LONGITUD FIJA--INFORMACIÓN GENERAL
fixed length control field 190307b ||||| |||| 00| 0 spa d
040 ## - FUENTE DE LA CATALOGACIÓN
Agencia/entidad que catalogó originalmente la obra MUNICIPALIDAD PROVINCIAL DEL CUSCO
Entidad que transcribió la catalogación BIBLIOTECA MUNICIPAL DEL CUSCO
082 ## - NÚMERO DE LA CLASIFICACIÓN DECIMAL DEWEY
No. de Clasificación 140.4 /
Notacion interna AL35
100 ## - ENTRADA PRINCIPAL--NOMBRE DE PERSONA
Nombre Personal Alarco, Luis Felipe
245 ## - MENCIÓN DE TÍTULO
Título Ensayos de filosofía prima /
260 ## - PUBLICACIÓN, DISTRIBUCIÓN, ETC.
Lugar de publicación, distribución, etc. Lima :
Nombre de la editorial, distribuidor, etc. Sociedad Peruana de Filosofía,
Fecha de publicación, distribución, etc. 1951.
300 ## - DESCRIPCIÓN FÍSICA
Nº de Páginas Extensión 119 páginas ;
Dimensiones 19 cm.
440 ## - MENCIÓN DE SERIE/PUNTO DE ACCESO ADICIONAL--TÍTULO
Título Colección plena luz, pleno ser
Número de la parte/sección de una obra 5
9 (RLIN) 12969
505 ## - NOTA DE CONTENIDO CON FORMATO
Nota de contenido formateada Contenido: El problema de la trascendencia -- El libre albedrío -- La inmortalidad -- En torno a la existencia divina -- Importancia del existencialismo -- Miguel de Unamuno y el sentido de la vida.
650 ## - PUNTO DE ACCESO ADICIONAL DE MATERIA--TÉRMINO DE MATERIA
Descriptor Metafísica
9 (RLIN) 2817
650 ## - PUNTO DE ACCESO ADICIONAL DE MATERIA--TÉRMINO DE MATERIA
Descriptor Ensayos, conferencias, etc
9 (RLIN) 10020
650 ## - PUNTO DE ACCESO ADICIONAL DE MATERIA--TÉRMINO DE MATERIA
Descriptor Perú
9 (RLIN) 35
710 ## - PUNTO DE ACCESO ADICIONAL--NOMBRE DE ENTIDAD CORPORATIVA
Nombre corporativo (En letras Mayúsculas) Sociedad Peruana de Filosofía
9 (RLIN) 12970
942 ## - ELEMENTOS DE PUNTO DE ACCESO ADICIONAL (KOHA)
Fuente de clasificación
Tipo de item Libros-BMC
945 ## - PROCESAMIENTO DE INFORMACIÓN LOCAL (OCLC)
Catalogador raen
Holdings
Estado de retiro (separado) Fuente de clasificación o esquema de estanterías Estado dañado Ubicación Sala donde se ubica Nombre de la colección Fecha de adquisición o compra Costo, precio normal en soles Signatura topográfica Código de Barras Última vez visto (Koha) Tipo de ítem (Koha)
No     Sala Humanidades Sala Humanidades Book Cart 2019-03-07 40.00 140.4 / AL35 SH0000004622 2019-03-07 Libros-BMC

Powered by Koha